000
00373nam a2200133Ia 4500
008
151001s9999||||xx |||||||||||||| ||und||
100
_a
सरोजिनी शारंगपाणी
245
_a
दुर्दैवाशी दोन हात
250
_a
1
260
_b
कानिटकर माधव
260
_c
1975
300
_a
364
365
_b
18
999
_c
960073
_d
960070